LEADER 00840nam a2200205 i 4500 001 000000225982 003 CaOOAMICUS 005 20140102000000.0 008 140102s1938 it u000 u ita u 013 $a204884 040 $aSeMil$bita 100 1 $aHolzmeister, Urbanus.$0(OLS)http://semarc/name/13490 245 10$aHistoria aetatis Novi Testamenti /$cquam e fontibus elaboravit Urbanus Holzmeister. 250 $aEditio altera. 300 $aXII, 307 p. 650 4$aBibbia - NT - Storia.$0(OLS)http://semarc/subject/4620 773 0 $tInstitutiones biblicae scholis accomodatae. Series Altera.$dRoma : Pontificio Istituto Biblico, 1938.$w()29306 850 $aSeMil 852 $aSeMil$W1$xVenegono$y1$m2W III 149$j176328$B176328$CSeMilBibl$Z2$F186877 $81 996 $6245$aHistoria aetatis Novi Testamenti$9(OLS)http://semarc/title/323656 LEADER 00991nam a2200253 i 4500 001 000000077105 003 CaOOAMICUS 005 20010824000000.0 008 010824s1981 it u000 u ita u 013 $a48277 020 $a88-06-05097-4 040 $aSeMil$bita 245 10$aIllustrazione Fotografia. 300 $aXXVI, P. [320]-644, [256] p. di tav. 650 4$aFotografia.$0(OLS)http://semarc/subject/11846 650 4$aIllustrazione del libro - Italia.$0(OLS)http://semarc/subject/15728 773 0 $tStoria dell'arte italiana.$dTorino : Einaudi, 1979-1983.$gVolume9$w()6509 773 0 $tSituazioni momenti indagini.$gVolume2$w()6515 773 0 $tGrafica e immagine.$gTomo2$w()6517 850 $aSeMil 852 $aSeMil$W1$xVenegono$y1$mSL1.B III 9/2$j43257$B43257$CSeMilBibl$Z2$F43571 $8I 961 $aAcquisto: Einaudi (Agente) 996 $6020$a88-06-05097-4$9(OLS)http://semarc/number/58541 996 $6245$aIllustrazione Fotografia$9(OLS)http://semarc/title/125147